000 00548nam a2200205Ia 4500
005 20250508165541.0
008 008 250505s9999 xx 000 0 hin d
020 _a81-8143-450-1
037 _aTextual
040 _aFEDL
_beng
_cFEDL
041 _ahin
_2hin
084 _a302.23, PAC
_qFEDL
100 _aPachouri Sudhish
245 0 _aUttar adhunik media vimarsh
260 _aNew Delhi, India
_bVani Prakashan
_c2009
300 _a296p.
365 _aINR
_b395
942 _cTEXL
_h302.23, PAC
999 _c1395808
_d1395808